Entrenamiento mental: cómo triunfar en el deporte y en la vida por medio de la preparación mental
Salvato in:
| Autore principale: | |
|---|---|
| Natura: | Libro |
| Lingua: | spagnolo |
| Pubblicazione: |
Barcelona
Paidotribo
2009
|
| Edizione: | 3a. ed |
| Soggetti: | |
| Tags: |
Aggiungi Tag
Nessun Tag, puoi essere il primo ad aggiungerne!!
|
MARC
| LEADER | 00000cam a2200000 a 4500 | ||
|---|---|---|---|
| 001 | UCG6224 | ||
| 003 | CL-VaPUC | ||
| 008 | 110407e20090000SP |||||||||||||||||spa|d | ||
| 020 | |a 9788480196659 | ||
| 082 | 0 | 4 | |a 613.711 |b ORL |2 21 |
| 100 | |a Orlick, Terry |e autor |9 556275 | ||
| 245 | 1 | 0 | |a Entrenamiento mental: cómo triunfar en el deporte y en la vida por medio de la preparación mental |
| 250 | |a 3a. ed | ||
| 300 | |a 397 p | ||
| 942 | |c BK | ||
| 945 | |d 20110407 00:00:00 |a jcampos | ||
| 260 | |a Barcelona |b Paidotribo |c 2009 | ||
| 650 | 7 | |a ENTRENAMIENTO PSICOLOGICO |2 CL-VaPUC |9 524301 | |
| 650 | 7 | |a DEPORTE |2 CL-VaPUC |9 556276 | |
| 650 | 7 | |a TRABAJO EN EQUIPO |2 CL-VaPUC |9 393025 | |
| 583 | |a last modification |c 20161229 06:32:53 |k Rodrigo Vera | ||
| 999 | |c 344498 |d 344496 | ||
| 952 | |0 0 |1 0 |4 0 |6 613_711000000000000_ORL_2009 |7 0 |8 A |9 442494 |a BIBEDU |b BIBEDU |d 2019-11-22 |i 476465K |l 2 |o 613.711 ORL 2009 |p 476465K |r 2022-09-05 |s 2022-08-29 |w 2019-11-22 |y BK |k EFI | ||
| 952 | |0 0 |1 0 |3 erb |4 0 |6 613_711000000000000_ORL_2009 |7 0 |8 A |9 442495 |a BIBEDU |b BIBEDU |i 5358426 |l 1 |o 613.711 ORL 2009 |p 5358426 |r 2022-08-29 |s 2022-08-22 |w 2019-11-22 |y BK |z Catalogado en:20161230 |k EFI | ||